000
00249nam a22001097a 4500
008
170112b xxu||||| |||| 00| 0 eng d
020
_a
9780803618947
041
_a
eng
080
_2
5TH
_a
618.2
245
_a
TEST SUCCESS
_c
NUGENT, P/M
942
_2
udc
_c
BK
999
_c
2782
_d
2782